| 000 | 00808nam a22002537a 4500 | ||
|---|---|---|---|
| 001 | 000500 | ||
| 003 | DO-SdBNP | ||
| 005 | 20180202101455.0 | ||
| 007 | 000500 | ||
| 008 | 160915b 1983 sp ||||| |||| 00| 0 spa d | ||
| 020 | _a8428100306 | ||
| 040 |
_aBPMSU _bspa _cBPMSU |
||
| 092 |
_axxxxx _bxxxxx |
||
| 100 | 1 | _aSraffa, Piero | |
| 245 | 1 | 0 |
_aProducción de mecancías por medio de mercancías : _bpreludio a una crítica de la teoría económica / _cPiero Sraffa. |
| 250 | _a3a ed. | ||
| 260 |
_aVilassar de Mar, Barcelona : _bOikos-Tau, S.A. de Ediciones, _c1983. |
||
| 300 |
_a137 p. ; _c 21 cm. |
||
| 490 | 1 |
_aLibros de economía Oikos. _v9 |
|
| 830 | 0 |
_aLibros de economía Oikos. _n9 |
|
| 942 |
_2ddc _cBK |
||
| 945 | _aInventariado, 2018/ YL | ||
| 956 |
_2LOPEREZ _310 _620160915 _8BPMSU _a00041 |
||
| 999 |
_c11397 _d11397 |
||